[Event "SRB-chT2 West"]
[Site "Kragujevac"]
[Date "2015.10.08"]
[Round "6.5"]
[White "Milanovic, Predrag"]
[Black "Andjelic, Stevan"]
[Result "1/2-1/2"]
[WhiteElo "2145"]
[BlackElo "2112"]
[PlyCount "37"]
[EventDate "2015.09.04"]
[EventType "team-tourn"]
[EventRounds "11"]
[EventCountry "SRB"]
[SourceTitle "EXT 2022"]
[Source "ChessBase"]
[SourceDate "2021.10.06"]
[SourceVersion "1"]
[SourceVersionDate "2021.10.06"]
[SourceQuality "1"]

1. d4 d5 2. Nf3 Nf6 3. e3 Bg4 4. c4 e6 5. Nbd2 Nbd7 6. a3 g6 7. b4 Bd6 8. Bb2 0-0 9. Qc2 Bf5 10. Bd3 Bxd3 11. Qxd3 Re8 12. 0-0 e5 13. dxe5 Nxe5 14. Nxe5 Bxe5 15. Bxe5 Rxe5 16. Nf3 Re8 17. h3 dxc4 18. Qxc4 Qe7 19. Rfd1 1/2-1/2

[Event "SRB-chT3 North CS"]
[Site "Sabac"]
[Date "2014.10.04"]
[Round "4.1"]
[White "Milanovic, Predrag"]
[Black "Savic, Petar A"]
[Result "1/2-1/2"]
[WhiteElo "2145"]
[BlackElo "2116"]
[PlyCount "58"]
[EventDate "2014.10.02"]
[EventType "team-swiss"]
[EventRounds "6"]
[EventCountry "SRB"]
[SourceTitle "EXT 2021"]
[Source "ChessBase"]
[SourceDate "2020.10.23"]
[SourceVersion "1"]
[SourceVersionDate "2020.10.23"]
[SourceQuality "1"]

1. d4 e6 2. Nf3 d5 3. e3 Nf6 4. c4 dxc4 5. Bxc4 Bd6 6. a3 0-0 7. 0-0 b6 8. b4 Bb7 9. Bb2 Nbd7 10. Nbd2 Qe7 11. Be2 a5 12. b5 e5 13. Nc4 e4 14. Nfd2 Qe6 15. Nxd6 cxd6 16. Bc4 d5 17. Be2 Rac8 18. Qb3 Rfe8 19. Rac1 Nf8 20. a4 Ng6 21. Ba3 Nh4 22. Rxc8 Rxc8 23. Qb2 Nf5 24. Rc1 h5 25. Rc3 g6 26. Qc1 Kg7 27. Nf1 Rxc3 28. Qxc3 Qd7 29. h3 Nd6 1/2-1/2